[Event "Finistere-chT 0001"]
[Site "Finistere"]
[Date "2001.03.24"]
[Round "6.17"]
[White "Pineau, Jeremy"]
[Black "Pignoux, Laurent"]
[Result "0-1"]
[WhiteElo "1170"]
[BlackElo "1400"]
[PlyCount "48"]
[EventDate "2000.??.??"]
[EventType "team"]
[EventRounds "7"]
[EventCountry "FRA"]
[SourceTitle "EXT 2003"]
[Source "ChessBase"]
[SourceDate "2002.11.25"]
[SourceVersion "1"]
[SourceVersionDate "2002.11.25"]
[SourceQuality "1"]

1. e4 Nf6 2. Nc3 e5 3. Nf3 Nc6 4. Bc4 Bb4 5. 0-0 0-0 6. Re1 Bxc3 7. dxc3 d6 8. Ng5 Qe7 9. Bd5 Bd7 10. b4 Rab8 11. Be3 Nxd5 12. exd5 Nd8 13. Qh5 h6 14. Bxa7 Ra8 15. Be3 hxg5 16. Bxg5 Qe8 17. Re4 f6 18. Qxe8 Bxe8 19. Be3 Bg6 20. Rc4 c6 21. Rg4 Bxc2 22. dxc6 bxc6 23. Bb6 Ra3 24. Rg3 Ne6 0-1

[Event "Finistere-chT 0001"]
[Site "Finistere"]
[Date "2000.01.27"]
[Round "5.11"]
[White "Pineau, Jeremy"]
[Black "Kerbaol, Jacques"]
[Result "1/2-1/2"]
[WhiteElo "1110"]
[BlackElo "1510"]
[PlyCount "50"]
[EventDate "2000.??.??"]
[EventType "team"]
[EventRounds "7"]
[EventCountry "FRA"]
[SourceTitle "EXT 2003"]
[Source "ChessBase"]
[SourceDate "2002.11.25"]
[SourceVersion "1"]
[SourceVersionDate "2002.11.25"]
[SourceQuality "1"]

1. e4 e5 2. Nf3 Nc6 3. Bc4 Nf6 4. 0-0 Bc5 5. Nc3 d6 6. h3 Nh5 7. d3 Nf4 8. Nd5 Nxh3+ 9. gxh3 Bxh3 10. Re1 Bg4 11. Bg5 Qd7 12. Bf6 Kf8 13. Bh4 Nd4 14. Re3 f6 15. c3 c6 16. b4 Nxf3+ 17. Rxf3 cxd5 18. Bxd5 Bb6 19. a4 Bh5 20. a5 Qg4+ 21. Rg3 Qxd1+ 22. Rxd1 Bxd1 23. axb6 axb6 24. Kh2 Ra3 25. c4 Be2 1/2-1/2